|
|
|
|
| LEADER |
00000nab a2200000 a 4500 |
| 001 |
vtls000662249 |
| 003 |
SK-MaSNL |
| 005 |
20260304025337.0 |
| 008 |
161006c1998 xo 0 slo |
| 015 |
|
|
|a SNBRB1998/06-17027
|
| 035 |
|
|
|a CLN000014438
|
| 040 |
|
|
|a SNKBUCL
|b slo
|c SNKBUCL
|e AACR2
|
| 041 |
0 |
|
|a slo
|
| 044 |
|
|
|a xo
|c SK
|
| 080 |
|
|
|a 061.25(437.6):929.6
|2 1997
|
| 080 |
|
|
|a 929.6(437.6)
|2 1997
|
| 100 |
1 |
|
|a Maťovčík, Peter,
|d 1965-1998
|4 aut
|9 10185
|
| 245 |
1 |
0 |
|a Vývoj matičnej symboliky
|c od Petra Maťovčíka
|
| 504 |
|
|
|a Bibliogr. odkazy
|
| 610 |
2 |
7 |
|a Matica slovenská
|2 snkbucl
|9 14662
|
| 650 |
0 |
7 |
|a symbolika
|2 snkbucl
|9 56882
|
| 655 |
|
7 |
|a články z novín a časopisov
|2 snkbucl
|9 267496
|
| 773 |
0 |
|
|t Proglas
|g Roč. 9, č. 1 (1998), s. 36-38
|
| 850 |
|
|
|a Slovenská národná knižnica v Martine
|
| 852 |
|
|
|a SNK
|b KIS3GCP
|
| 958 |
|
|
|a NB
|
| 958 |
|
|
|a SK
|
| 958 |
|
|
|a RBX
|
| 999 |
|
|
|c 2626813
|d 2628743
|